000 00604nam a22002057a 4500
005 20250106120423.0
010 _aB-761556
020 _a9789390590421
_c350.00
035 _aB-761556
037 _bGift
082 _aS
100 _aMlynowski, Sarah
_975864
245 _aUpside Down Magic Night Owl/
_c Sarah Mlynowski , Lauren Myracle and Emily Jenkins
260 _bScholastic Press
_aNew York
300 _a166p.
_c21cm(Pb)
700 _aMyracle , Lauren
_975865
700 _aJenkins, Emily
_975866
942 _2ddc
_cEN
_mMLY
_hS
999 _c208058
_d208058